| 000 | 00424nam a2200121Ia 4500 | ||
|---|---|---|---|
| 008 | 220620s9999||||xx |||||||||||||| ||und|| | ||
| 100 | _aLieberthal, Kenneth||Tong, James||Yeung, Sai-cheung | ||
| 245 | 0 | _aCentral Documents and Politburo Politics in China | |
| 546 | _aEnglish[eng] | ||
| 650 | _aSociology and anthropology | ||
| 856 | _uhttps://library.oapen.org/bitstream/20.500.12657/41830/1/9780472901494.pdf | ||
| 942 | _cEB | ||
| 999 |
_c26405 _d26405 |
||